000 01055nas a2200241 454500
001 31584
005 20260407193508.0
008 260407s1998####ag###########|||spa#d
003 AR-UNSa-BCEJYS
040 _aAR-UNSa-BCEJYS
_bspa
_cAR-UNSa-BCEJYS
080 _a3
_xCiencias sociales. Estadística. Política. Economía. Comercio. Derecho. Gobierno. Asuntos militares. Bienestar social. Seguros. Educación. Folclore
245 1 0 _aRevista Científica de la Universidad de Ciencias Empresariales y Sociales
264 1 _aBuenos Aires :
_bUCES (Universidad de Ciencias Empresariales y Sociales)
_c1998
310 _aFrecuencia: Iregular
041 _aspa
942 _cSER
590 _aniveau_biblio:s niveau_hierar:1
100 1 _aUniversidad de Ciencias Empresariales y Sociales. Departamento de Investigaciones
650 _aDerecho
650 _aEducación
650 _aINVESTIGACION CIENTIFICA
856 4 1 _uhttps://biblioeco.unsa.edu.ar/pmb/images/revistas/Universidad de ciencias empresariales y sociales-r15269.jpg
_yImagen de portada
_qimage/jpeg
999 _c8713
_d8713